000 004790000a22001690004500
003 MACL
005 20260412155624.0
008 151216b xxu||||| |||| 00| 0 eng d
040 _aMACL
_cMACL
041 _aEnglish
082 _a741.642/OXF
100 _aOxford university press voi 9
_920625
245 _aOxford children's encyclopedia index Vol 9
_bVol 9 Index
260 _bOxford University Press
_c2002
650 _aChildrens Book
_97875
942 _cBK
_k741.642/OXF
_2ddc
999 _c39967
_d39967